LEADER 00615nam a2200181 i 4500 001 000000257314 003 CaOOAMICUS 005 20180221000000.0 008 180221s1826 it u000 u ita u 013 $a236222 026 $aMO++ i,a- tole deda (7) 1826 (A) 040 $aSeMil$bita 245 10$aTomo 4. 300 $a554, [2] p. 773 0 $tStoria d'Italia dal 1789 al 1814 scritta da Carlo Botta. Tomo 1. [-4.].$dItalia : [s.n.], 1826.$g4$w()32231 850 $aSeMil 852 $aSeMil$W1$xVenegono$y1$m3V III 55 FA$j207660$B207660$CSeMilBibl$Z2$F221188 $8I 996 $6245$aTomo 4$9(OLS)http://semarc/title/136909 LEADER 00791nam a2200217 i 4500 001 000000059660 003 CaOOAMICUS 005 20120130000000.0 008 120130s1904 xx u000 u fre u 013 $a30832 040 $aSeMil$bita 100 1 $aKlein, Félix,$d<1862-1953>.$0(OLS)http://semarc/name/30406 245 10$aQuelques motifs d'espérer /$cabbé Félix Klein. 250 $adeuxième édition. 260 $aParis :$bLecoffre,$c1904. 300 $aX, 297 p. ;$c18 cm. 650 4$aSperanza.$0(OLS)http://semarc/subject/7859 850 $aSeMil 852 $aSeMil$W1$xVenegono$y1$m2K I 44$j25813$B25813$CSeMilBibl$Z2$F25816 $81 996 $6245$aQuelques motifs d'espérer$9(OLS)http://semarc/title/93243 996 $6260$aParis :$bLecoffre$9(OLS)http://semarc/publisher/29623